The slaves of Timbuktu /

Bibliographic Details
Main Author: Maugham, Robin, 1916-1981 (Author)
Format: Book
Language:English
Published: [London] : Longmans, [1961]
Subjects:

MARC

Tag First Indicator Second Indicator Subfields
LEADER 00000cam a2200000I 4500
001 in00000537921
005 20220111210835.7
008 770921s1961 enka b 001 0 eng
010 |a  61003598  
015 |a GB6108835  |2 bnb 
016 |a (AMICUS)000007808469 
016 7 |a 011574600  |2 Uk 
019 |a 27114441  |a 867801334  |a 976710493 
024 8 |a B6108835 
029 1 |a AU@  |b 000003962373 
029 1 |a DEBBG  |b BV013630114 
029 1 |a HEBIS  |b 011972882 
029 1 |a NZ1  |b 4556533 
029 1 |a UKDEL  |b 131677772 
029 1 |a UNITY  |b 041073797 
029 1 |a UNITY  |b 049130714 
029 1 |a NZ1  |b 676302 
029 1 |a UNITY  |b 131677772 
029 1 |a NLC  |b 000007808469 
029 1 |a UKMGB  |b 011574600 
035 |a (OCoLC)ocm03284409 
035 |a (OCoLC)3284409  |z (OCoLC)27114441  |z (OCoLC)867801334  |z (OCoLC)976710493 
040 |a DLC  |b eng  |c SBM  |d OCL  |d UKM  |d OCLCQ  |d OCLCG  |d AU@  |d OCLCF  |d KIJ  |d PAU  |d DEBBG  |d UKDEL  |d OCLCQ  |d OCLCO  |d CNUTO  |d NLC  |d OCLCQ  |d OCLCA  |d UKMGB  |d BDP  |d IL4J6  |d OCLCO  |d TXA 
043 |a f-ml---  |a fd----- 
050 0 0 |a DT553.T6  |b M3 1961 
050 4 |a DT551.9.T55  |b M38 1961 
055 4 |a DT553 T6 M38 
082 |a 916.62 
084 |a NW 8295  |2 rvk 
100 1 |a Maugham, Robin,  |d 1916-1981,  |e author. 
245 1 4 |a The slaves of Timbuktu /  |c Robin Maugham. 
264 1 |a [London] :  |b Longmans,  |c [1961] 
300 |a 234 pages :  |b illustrations ;  |c 22 cm 
336 |a text  |b txt  |2 rdacontent 
337 |a unmediated  |b n  |2 rdamedia 
338 |a volume  |b nc  |2 rdacarrier 
504 |a Includes bibliographical references (pages 221-231) and index. 
500 |a The Cushing Library/Women & Gender Studies copy was acquired as part of The Don Kelly Research Collection of Gay Literature and Culture.  |5 TXA 
500 |a The Cushing Library/Women & Gender Studies copy is inscribed by the author. 
600 1 0 |a Maugham, Robin,  |d 1916-1981  |x Travel  |z Mali  |z Tombouctou. 
651 0 |a Tombouctou (Mali)  |x Description and travel. 
650 0 |a Slavery  |z Sahara. 
650 7 |a Slavery.  |2 fast  |0 (OCoLC)fst01120426 
650 7 |a Travel.  |2 fast  |0 (OCoLC)fst01155558 
651 7 |a Mali  |z Tombouctou.  |2 fast  |0 (OCoLC)fst01220600 
651 7 |a Sahara.  |2 fast  |0 (OCoLC)fst01242088 
650 7 |a Slavery  |z Sahara.  |2 nli 
651 7 |a Tombouctou (Mali)  |x Description and travel.  |2 nli 
650 7 |a Slaves  |z Mali  |z Tombouctou.  |2 nli 
776 0 8 |i Online version:  |a Maugham, Robin, 1916-1981.  |t Slaves of Timbuktu.  |d [London] Longmans [1961]  |w (OCoLC)600992788 
948 |h HELD BY TXA - 169 OTHER HOLDINGS 
994 |a Z0  |b TXA 
999 f f |s 0ce6a2d0-14b6-3324-931b-4729f166a772  |i f63da45a-67d3-3b1c-81b7-a792a8779a37  |t 0 
952 f f |p noncirc  |a Texas A&M University  |b College Station  |c Cushing Memorial Library & Archives  |d Cushing: Women & Gender Studies (Does not check out)  |t 0  |e DT551.9.T55 M38 1961  |h Library of Congress classification  |i unmediated -- volume 
952 f f |p ric  |a Texas A&M University  |b Rellis Campus  |c Joint Library Facility  |d Remote Storage  |t 0  |e DT553.T6 M3 1961  |h Library of Congress classification  |i unmediated -- volume  |m A14808834191 
998 f f |a DT551.9.T55 M38 1961  |t 0  |l Cushing: Women & Gender Studies (Does not check out) 
998 f f |a DT553.T6 M3 1961  |t 0  |l Remote Storage